[Event "World Rapid Women 2017"]
[Site "Riyadh KSA"]
[Date "2017.12.28"]
[Round "11.39"]
[White "Rapport, Jovana"]
[Black "Papp, Petra"]
[Result "1/2-1/2"]
[WhiteTitle "WGM"]
[BlackTitle "WGM"]
[WhiteElo "2299"]
[BlackElo "2313"]
[WhiteFideId "937266"]
[BlackFideId "739049"]
[EventDate "2017.12.26"]

1. e3 d5 2. f4 g6 3. Nf3 Bg7 4. Be2 Nf6 5. d4 O-O 6. Ne5 c5 7. Bf3 Ne4 8. Nd2 f6
9. Nd3 cxd4 10. Nxe4 dxe4 11. Bxe4 e5 12. Qf3 Qc7 13. exd4 exd4 14. O-O f5 15.
Bd5+ Kh8 16. Bd2 Nc6 17. Rfe1 Bd7 18. Re2 Rae8 19. Rae1 b6 20. Rxe8 Rxe8 21.
Rxe8+ Bxe8 22. Qe2 Qe7 23. Qxe7 Nxe7 24. Bf3 Bc6 25. Kf2 Kg8 26. Bxc6 Nxc6 27.
Ke2 Kf7 28. Ne1 Ke6 29. Kd3 Kd5 30. Nf3 Bf6 31. a3 b5 32. h3 Nd8 33. g4 Ne6 34.
b4 Nc7 35. Be1 a6 36. gxf5 gxf5 37. Ng1 Ne6 1/2-1/2

[Event "World Rapid Women 2017"]
[Site "Riyadh KSA"]
[Date "2017.12.28"]
[Round "11.40"]
[White "Kulon, Klaudia"]
[Black "Nakhbayeva, Guliskhan"]
[Result "1-0"]
[WhiteTitle "WGM"]
[BlackTitle "WGM"]
[WhiteElo "2370"]
[BlackElo "2314"]
[WhiteFideId "1131044"]
[BlackFideId "13704788"]
[EventDate "2017.12.26"]

1. c4 Nf6 2. g3 e6 3. Bg2 d5 4. Qc2 Be7 5. d4 O-O 6. Nf3 b6 7. Nbd2 Bb7 8. O-O
Nbd7 9. b3 Rc8 10. Bb2 c5 11. dxc5 bxc5 12. Rad1 Qb6 13. Rfe1 Rfe8 14. Qc3 d4
15. Qc2 e5 16. e4 Bf8 17. Rf1 g6 18. Ne1 Bg7 19. Nd3 Rcd8 20. Rde1 Re7 21. Ba3
a5 22. h3 Ne8 23. f4 exf4 24. gxf4 Nd6 25. Re2 Rde8 26. Rfe1 Bf6 27. Nf2 Bh4 28.
Rf1 Nf6 29. Nd3 Nfxe4 30. Nxe4 Nxe4 31. f5 Ng3 32. Rxe7 Bxe7 33. Re1 Bxg2 34.
Qxg2 Nxf5 35. Bxc5 Qc7 36. Re5 Rd8 37. Rxf5 Bh4 38. Rf1 Re8 39. Bxd4 Qd6 40. Rf4
Bd8 41. Qd5 Qc7 42. Ne5 Bg5 43. Rxf7 1-0

[Event "World Rapid Women 2017"]
[Site "Riyadh KSA"]
[Date "2017.12.28"]
[Round "11.41"]
[White "Nguyen, Thi Mai Hung"]
[Black "Ovod, Evgenija"]
[Result "1/2-1/2"]
[WhiteTitle "WGM"]
[BlackTitle "IM"]
[WhiteElo "2321"]
[BlackElo "2364"]
[WhiteFideId "12401676"]
[BlackFideId "4131827"]
[EventDate "2017.12.26"]

1. d4 d5 2. Bf4 Nf6 3. e3 c5 4. c3 Nc6 5. Nd2 e6 6. Bd3 Bd6 7. Bg3 O-O 8. Ngf3
b6 9. Ne5 Bb7 10. f4 Ne7 11. Qb1 g6 12. O-O Nf5 13. Bf2 Be7 14. Qc2 Nd6 15. Bh4
Rc8 16. Rae1 Nfe4 17. Bxe7 Qxe7 18. Qd1 f6 19. Nef3 Kh8 20. Qe2 a5 21. g4 Nf7
22. Bb1 e5 23. dxe5 fxe5 24. Nxe4 dxe4 25. Nd2 Nd6 26. fxe5 Qxe5 27. Rf2 Kg7 28.
Ref1 Qg5 29. Rf4 Rce8 30. Qf2 Rxf4 31. Qxf4 Qxf4 32. Rxf4 g5 33. Rf2 Bc8 34. h3
h5 35. Kh2 hxg4 36. hxg4 Rh8+ 37. Kg3 Rh4 38. Nxe4 Rxg4+ 39. Kf3 Nxe4 40. Bxe4
Rg1 41. Bd5 Bf5 42. e4 Bg6 43. e5 g4+ 44. Kf4 g3 45. Rg2 Rxg2 46. Bxg2 Bf7 47.
a3 Kg6 48. Be4+ Kh5 49. Kxg3 Kg5 50. Kf3 Be6 51. Ke3 Kg4 52. Bh7 Bd5 53. Bg6 Kg5
54. Be4 Be6 55. Bd3 Bd5 56. Be4 Be6 57. Bg2 Kf5 58. Bh3+ Kxe5 59. Bxe6 Kxe6 60.
Ke4 b5 61. b3 Kd6 62. c4 a4 63. bxa4 bxc4 64. Ke3 Kc6 65. Kd2 Kb6 66. Kc3 Ka5
67. Kxc4 Kxa4 1/2-1/2

[Event "World Rapid Women 2017"]
[Site "Riyadh KSA"]
[Date "2017.12.28"]
[Round "11.42"]
[White "Gevorgyan, Maria"]
[Black "Bulmaga, Irina"]
[Result "1-0"]
[WhiteTitle "WIM"]
[BlackTitle "IM"]
[WhiteElo "2275"]
[BlackElo "2427"]
[WhiteFideId "13300270"]
[BlackFideId "13903063"]
[EventDate "2017.12.26"]

1. e4 e5 2. Nf3 Nc6 3. Bc4 Bc5 4. c3 Nf6 5. d3 d6 6. O-O a6 7. Bb3 Ba7 8. h3 h6
9. Nbd2 g5 10. Nh2 h5 11. Ndf3 g4 12. Ng5 Rf8 13. Kh1 Qe7 14. f4 g3 15. Nhf3 Ng4
16. Nh4 Nf2+ 17. Rxf2 gxf2 18. Bd2 Na5 19. Bc2 Bd7 20. a4 O-O-O 21. b4 Nc6 22.
b5 Nb8 23. f5 Rh8 24. Bb3 Be8 25. Qf3 f6 26. Ne6 Rd7 27. Be3 Bxe3 28. Qxe3 Bf7
29. Qxf2 a5 30. Ng6 Bxg6 31. fxg6 d5 32. Bxd5 Re8 33. Nc5 Rxd5 34. exd5 Nd7 35.
Nxd7 Kxd7 36. Qf5+ Kd6 37. Rf1 Rf8 38. Qxh5 Kxd5 39. Qf3+ Ke6 40. Qxb7 f5 41. g7
Qxg7 42. Qc6+ Ke7 43. Qxc7+ Kf6 44. Rxf5+ Kxf5 45. Qxg7 1-0

[Event "World Rapid Women 2017"]
[Site "Riyadh KSA"]
[Date "2017.12.28"]
[Round "11.43"]
[White "Ordaz Valdes, Lisandra Teresa"]
[Black "Belenkaya, Dina"]
[Result "0-1"]
[WhiteTitle "WGM"]
[BlackTitle "WGM"]
[WhiteElo "2414"]
[BlackElo "2303"]
[WhiteFideId "3506940"]
[BlackFideId "24142654"]
[EventDate "2017.12.26"]

1. d4 d5 2. c4 dxc4 3. e3 Nf6 4. Bxc4 e6 5. Nf3 a6 6. b3 b5 7. Be2 Bb7 8. O-O
Nbd7 9. Bb2 c5 10. Nbd2 Be7 11. a4 b4 12. Nc4 O-O 13. Nfe5 Nxe5 14. dxe5 Nd5 15.
Qd2 Qc7 16. e4 Nb6 17. Qe3 Rad8 18. Rac1 Nxc4 19. Bxc4 Rd7 20. f4 Qc6 21. f5
exf5 22. Bd5 Qb6 23. a5 Qxa5 24. Bxb7 f4 25. Qxf4 Rxb7 26. e6 f6 27. e5 f5 28.
Ra1 Qb5 29. Qf3 Rb6 30. Rfd1 Rxe6 31. Qd5 Qc6 32. Qc4 Kh8 33. Rd6 Rxd6 34. exd6
Qxd6 35. Qxa6 Qd2 36. Rb1 Rd8 37. Qc4 Qe3+ 38. Kh1 Qe4 39. Qf1 Qd3 40. Qg1 Bg5
41. Re1 Qc2 42. Be5 h6 43. h3 Rd3 44. Qf1 Rxb3 45. Rd1 Qe4 46. Ba1 Rxh3+ 0-1

[Event "World Rapid Women 2017"]
[Site "Riyadh KSA"]
[Date "2017.12.28"]
[Round "11.44"]
[White "Zozulia, Anna"]
[Black "Mamedjarova, Zeinab"]
[Result "0-1"]
[WhiteTitle "IM"]
[BlackTitle "WGM"]
[WhiteElo "2316"]
[BlackElo "2363"]
[WhiteFideId "14102110"]
[BlackFideId "13401521"]
[EventDate "2017.12.26"]

1. e4 d5 2. exd5 Qxd5 3. Nc3 Qd8 4. d4 Nf6 5. Bc4 e6 6. Nf3 Be7 7. O-O O-O 8.
Ne5 Nbd7 9. Bd3 c5 10. Nxd7 Bxd7 11. dxc5 Bxc5 12. Bg5 Be7 13. Qe2 Bc6 14. Rad1
Qb6 15. b3 Rfe8 16. a4 a6 17. Qe3 Qa5 18. Bxf6 Bxf6 19. Ne4 Be7 20. Rd2 h6 21.
Rfd1 f5 22. Ng3 Bb4 23. Re2 Qd5 24. Qf3 Qxf3 25. gxf3 Bxf3 26. Bc4 Bxe2 27. Nxe2
Kf7 28. c3 Ba5 29. b4 Bc7 30. Nd4 Kf6 31. Nb3 Bb6 32. a5 Rad8 33. Re1 Ba7 34.
Bf1 Re7 35. c4 e5 36. b5 axb5 37. cxb5 e4 38. b6 Bb8 39. Nc5 Rd5 40. Rc1 f4 41.
a6 bxa6 42. Nxa6 Rb7 43. Nc5 Re7 44. Na6 Be5 45. Nc7 Rd2 46. Rc6+ Kg5 47. Nb5 e3
48. Nc3 Bxc3 49. Rxc3 e2 50. Bxe2 Rdxe2 51. Rb3 Rb7 0-1

[Event "World Rapid Women 2017"]
[Site "Riyadh KSA"]
[Date "2017.12.28"]
[Round "11.46"]
[White "Khukhashvili, Sopiko"]
[Black "Albzoor, Anwar"]
[Result "1-0"]
[WhiteTitle "IM"]
[BlackTitle "WFM"]
[WhiteElo "2312"]
[BlackElo "1595"]
[WhiteFideId "13602055"]
[BlackFideId "11500522"]
[EventDate "2017.12.26"]

1. Nf3 d5 2. g3 Nf6 3. b3 e6 4. Bb2 Be7 5. Bg2 O-O 6. O-O b6 7. d3 Bb7 8. Nbd2
Nbd7 9. c4 Re8 10. Qc2 Rc8 11. Rad1 c5 12. e3 h6 13. Rfe1 Nf8 14. Ne5 Bd6 15. f4
Qc7 16. Ndf3 N6d7 17. Ng4 h5 18. Nf2 Be7 19. e4 Nf6 20. Qe2 dxe4 21. Nxe4 N8d7
22. Nfg5 Red8 23. Nxf7 Kxf7 24. Ng5+ Kf8 25. Qxe6 1-0

[Event "World Rapid Women 2017"]
[Site "Riyadh KSA"]
[Date "2017.12.28"]
[Round "12.1"]
[White "Harika, Dronavalli"]
[Black "Ju, Wenjun"]
[Result "1/2-1/2"]
[WhiteTitle "GM"]
[BlackTitle "GM"]
[WhiteElo "2504"]
[BlackElo "2567"]
[WhiteFideId "5015197"]
[BlackFideId "8603006"]
[EventDate "2017.12.26"]

1. c4 Nf6 2. Nc3 e6 3. e4 d5 4. e5 d4 5. exf6 dxc3 6. bxc3 Qxf6 7. Nf3 Nc6 8. d4
e5 9. Bg5 Qg6 10. d5 Nb8 11. h4 h6 12. h5 Qd6 13. Be3 Nd7 14. Qa4 Qa3 15. Qb3
Bd6 16. Nh4 O-O 17. Nf5 Nf6 18. Nxd6 Qxd6 19. Be2 b6 20. a4 a5 21. Qa3 Qxa3 22.
Rxa3 Ba6 23. Rh4 Rfd8 24. Ra1 Rab8 25. Rb1 Nd7 26. f4 exf4 27. Bxf4 Rbc8 28. Rd1
Re8 29. Kf2 f5 30. d6 cxd6 31. Rxd6 Nf6 32. Rxb6 Ne4+ 33. Kg1 Bxc4 34. Bf3 Nxc3
35. Bd2 Nxa4 36. Rg6 Bf7 37. Rxa4 Bxg6 38. hxg6 Rcd8 39. Bxa5 Rd6 40. Bc7 Rxg6
41. Bh5 Re1+ 42. Kf2 Rge6 43. Bf3 Kh7 44. Bf4 Rb1 45. Ra7 Rbb6 46. Rc7 Rb2+ 47.
Kg3 Rb3 48. Kf2 Rb2+ 49. Kg3 Rb3 50. Kh2 Rb4 51. Bd2 Rbb6 52. Bc3 Rg6 53. Bd5
Rg4 54. Bf3 Rgg6 55. Rf7 Rb5 56. Bd4 Rb4 57. Rd7 Rb5 58. Be2 Ra5 59. Bf3 Rb5 60.
Ra7 Rb4 61. Rd7 Rb5 62. Bc3 Rc5 63. Bd4 Rb5 64. Kg1 Ra5 65. Kf2 Ra2+ 66. Kf1 Rd2
67. Kg1 Rg5 1/2-1/2

[Event "World Rapid Women 2017"]
[Site "Riyadh KSA"]
[Date "2017.12.28"]
[Round "12.2"]
[White "Goryachkina, Aleksandra"]
[Black "Lei, Tingjie"]
[Result "1/2-1/2"]
[WhiteTitle "WGM"]
[BlackTitle "GM"]
[WhiteElo "2486"]
[BlackElo "2528"]
[WhiteFideId "4147103"]
[BlackFideId "8605114"]
[EventDate "2017.12.26"]

1. e4 e6 2. d4 d5 3. Bd3 dxe4 4. Bxe4 Nf6 5. Bf3 Nbd7 6. Nc3 Bd6 7. Nb5 Bb4+ 8.
Bd2 Bxd2+ 9. Qxd2 a6 10. Nc3 Rb8 11. Nge2 b5 12. O-O O-O 13. Rad1 Qe7 14. Rfe1
c5 15. Ng3 b4 16. Nce4 Nxe4 17. Bxe4 Nf6 18. Qg5 h6 19. Qxc5 Qxc5 20. dxc5 Bb7
21. Rd4 Rfc8 22. Rxb4 Bxe4 23. Rxb8 Rxb8 24. Nxe4 Nxe4 25. Rxe4 Rxb2 26. Kf1
Rxc2 1/2-1/2

[Event "World Rapid Women 2017"]
[Site "Riyadh KSA"]
[Date "2017.12.28"]
[Round "12.4"]
[White "Dzagnidze, Nana"]
[Black "Atalik, Ekaterina"]
[Result "0-1"]
[WhiteTitle "GM"]
[BlackTitle "IM"]
[WhiteElo "2522"]
[BlackElo "2451"]
[WhiteFideId "13601903"]
[BlackFideId "4130189"]
[EventDate "2017.12.26"]

1. c4 e5 2. Nc3 Nf6 3. g3 d5 4. cxd5 Nxd5 5. Bg2 Nb6 6. e3 Bd6 7. Nge2 O-O 8.
O-O Nc6 9. f4 f6 10. f5 Bd7 11. b3 Be8 12. Bb2 Bf7 13. d4 exd4 14. exd4 Bb4 15.
d5 Ne7 16. d6 Bxd6 17. Bxb7 Rb8 18. Bg2 Nc4 19. Bc1 Bc5+ 20. Kh1 Qxd1 21. Nxd1
Ne5 22. Be3 Bb6 23. Bxb6 axb6 24. Ne3 Rfd8 25. Rfd1 Rxd1+ 26. Rxd1 Bh5 27. Rd2
Bxe2 28. Rxe2 Rd8 29. Be4 c5 30. Kg2 Kf7 31. Kf2 g6 32. fxg6+ hxg6 33. h4 f5 34.
Bb1 Kf6 35. Nc4 Nxc4 36. bxc4 Rd4 37. Rb2 Nc8 38. a3 Rxc4 39. Rb3 Rd4 40. Ke2
Rd6 41. Bd3 Ne7 42. Bb5 Nd5 43. Bc4 Nc7 44. a4 Ne6 45. Bxe6 Kxe6 46. Rb5 Kd5 47.
a5 bxa5 48. Rxa5 Kc4 49. Ke3 Kb4 50. Ra8 c4 51. Rb8+ Ka3 52. Rc8 Kb3 53. Rb8+
Kc2 54. Kf4 c3 55. Kg5 Kd2 0-1

[Event "World Rapid Women 2017"]
[Site "Riyadh KSA"]
[Date "2017.12.28"]
[Round "12.6"]
[White "Paehtz, Elisabeth"]
[Black "Khotenashvili, Bela"]
[Result "1/2-1/2"]
[WhiteTitle "IM"]
[BlackTitle "GM"]
[WhiteElo "2464"]
[BlackElo "2476"]
[WhiteFideId "4641833"]
[BlackFideId "13602640"]
[EventDate "2017.12.26"]

1. e4 e5 2. Nf3 Nc6 3. Bc4 Bc5 4. d3 Nf6 5. O-O O-O 6. h3 h6 7. Bb3 d6 8. c3 Bb6
9. Nbd2 Ne7 10. Nc4 Ng6 11. Nxb6 axb6 12. Re1 Qe7 13. Nh2 Be6 14. Bc2 d5 15.
exd5 Bxd5 16. d4 e4 17. b3 b5 18. a4 bxa4 19. Ba3 Qd7 20. Bxf8 Rxf8 21. Rxa4 b5
22. Ra1 Qc6 23. Qd2 Nh4 24. Re3 Nf5 25. Re2 Nh4 26. Qe1 Ng6 27. Re3 Nf4 28. Ng4
Nxg4 29. hxg4 Qd7 30. Bxe4 Bxb3 31. Bf3 Bd5 32. Qd2 Bxf3 33. Rxf3 Ne6 34. Re1
Qd6 35. Qe2 c6 36. Qe5 Qd7 37. Rd1 Rd8 38. Rfd3 f6 39. Qf5 Nc7 40. Qxd7 Rxd7 41.
Rc1 Nd5 42. g3 Nb6 43. Re3 Kf7 44. Ra1 Nd5 45. Rd3 Ke6 46. Rc1 Nb6 47. Rf3 Kd6
48. Rf5 Ra7 49. Rc2 Ra3 50. Kg2 Ra4 51. Rf3 Nd5 52. Rb2 Rc4 53. Rb3 Ra4 54. Rd3
Nb6 55. Re3 Nd5 56. Rd3 Ra2 57. Rf3 Nb6 58. Rb1 Nd5 59. Rc1 Ra4 60. Rd1 Rc4 61.
Rdd3 Ra4 62. Kh3 Ra1 63. Rd2 Rc1 64. Rdd3 Ke6 65. Kg2 Kd6 66. Kh3 Ke6 67. Kg2
Kd6 68. Kh3 Ke6 1/2-1/2

[Event "World Rapid Women 2017"]
[Site "Riyadh KSA"]
[Date "2017.12.28"]
[Round "12.7"]
[White "Tokhirjonova, Gulrukhbegim"]
[Black "Huang, Qian"]
[Result "0-1"]
[WhiteTitle "WGM"]
[BlackTitle "WGM"]
[WhiteElo "2329"]
[BlackElo "2438"]
[WhiteFideId "14203626"]
[BlackFideId "8602689"]
[EventDate "2017.12.26"]

1. e4 d5 2. exd5 Qxd5 3. Nc3 Qd8 4. d4 Nf6 5. Nf3 g6 6. Be2 Bg7 7. O-O O-O 8. h3
Nc6 9. Bf4 a6 10. a3 e6 11. Qd2 b6 12. Rad1 Bb7 13. Rfe1 Ne7 14. Be5 Rc8 15. Nh2
b5 16. Bf3 Bxf3 17. Nxf3 Ned5 18. a4 Nxc3 19. Qxc3 Qd5 20. axb5 axb5 21. Qb4 Qc6
22. Qb3 Rfd8 23. c3 Qd5 24. Qc2 Nd7 25. Bxg7 Kxg7 26. Ne5 Ra8 27. Nd3 Qd6 28.
Qe2 c6 29. Qf3 Qd5 30. Qg3 Nf6 31. Re5 Qd6 32. Rde1 Nd7 33. R5e2 Qxg3 34. fxg3
h5 35. Rf1 Rf8 36. Nb4 c5 37. dxc5 Nxc5 38. Re5 Rfc8 39. Rd1 Rc7 40. Kf1 Kf6 41.
Re2 Na4 42. Ke1 Kg7 43. Rd6 Kf8 44. Kd1 Ke7 45. Rd4 Nb6 46. Kc2 Rc5 47. Re1 Ra7
48. Nd3 Rd5 49. Rxd5 Nxd5 50. Nf4 Nc7 51. Ne2 b4 52. Nd4 Kd6 53. Rd1 Kc5 54.
cxb4+ Kb6 55. Kb3 Nd5 56. Nf3 f6 57. Nd4 e5 58. Ne2 Kc6 59. Nc3 Ne3 60. b5+ Kc5
61. Rd8 Nf5 62. Rc8+ Kd4 63. Rc4+ Kd3 64. b6 Rb7 65. Nd5 e4 66. Rc7 Rb8 67. Rd7
e3 68. Nc3+ Nd4+ 69. Kb4 Rxb6+ 70. Kc5 Rxb2 71. Rxd4+ Kxc3 72. Rc4+ Kd2 73. Rd4+
Ke1 74. Rf4 f5 75. g4 hxg4 76. hxg4 e2 77. gxf5 Kd1 78. Rd4+ Rd2 79. Ra4 Rc2+
80. Kd4 0-1

[Event "World Rapid Women 2017"]
[Site "Riyadh KSA"]
[Date "2017.12.28"]
[Round "12.8"]
[White "Cramling, Pia"]
[Black "Shuvalova, Polina"]
[Result "0-1"]
[WhiteTitle "GM"]
[BlackTitle "WIM"]
[WhiteElo "2450"]
[BlackElo "2385"]
[WhiteFideId "1700030"]
[BlackFideId "24171760"]
[EventDate "2017.12.26"]

1. Nf3 Nf6 2. c4 b6 3. g3 Bb7 4. Bg2 e6 5. O-O c5 6. Nc3 Be7 7. d4 cxd4 8. Qxd4
O-O 9. Rd1 Nc6 10. Qf4 a6 11. e4 d6 12. b3 Qc7 13. Bb2 Rad8 14. Rac1 Qb8 15. h3
Ne5 16. Qe3 Ba8 17. Nd4 Rc8 18. f4 Nc6 19. Nxc6 Bxc6 20. Nd5 exd5 21. exd5 Bd7
22. Qxe7 Rce8 23. Bxf6 Rxe7 24. Bxe7 Re8 25. Re1 f6 26. Re2 Kf7 27. Rce1 Qc7 28.
Kh2 b5 29. Bf3 bxc4 30. bxc4 Qc5 31. Kg2 a5 32. Bh5+ g6 33. Bf3 a4 34. g4 a3 35.
g5 fxg5 36. fxg5 Bf5 37. Bf6 Rxe2+ 38. Rxe2 Qxc4 39. Kg3 Bb1 40. Re7+ Kf8 41.
Ra7 Qc5 42. Ra8+ Kf7 43. Rh8 Qg1+ 44. Kf4 Qh2+ 45. Ke3 Qxh3 46. Ra8 Bxa2 47.
Ra7+ Ke8 48. Ra8+ Kd7 49. Kf4 Qf5+ 50. Kg3 Bxd5 51. Bg4 Bxa8 52. Bxf5+ gxf5 53.
Kf4 Be4 54. Ke3 Ke6 55. Bg7 Kd5 56. Bf8 a2 57. Bg7 Kc4 58. Bf6 Kb3 0-1

[Event "World Rapid Women 2017"]
[Site "Riyadh KSA"]
[Date "2017.12.28"]
[Round "12.9"]
[White "Padmini, Rout"]
[Black "Batsiashvili, Nino"]
[Result "1/2-1/2"]
[WhiteTitle "IM"]
[BlackTitle "IM"]
[WhiteElo "2324"]
[BlackElo "2502"]
[WhiteFideId "5029295"]
[BlackFideId "13602993"]
[EventDate "2017.12.26"]

1. Nf3 d5 2. g3 Nf6 3. Bg2 c5 4. O-O Nc6 5. d4 e6 6. c4 Be7 7. cxd5 exd5 8. Nc3
O-O 9. dxc5 Bxc5 10. Bg5 d4 11. Na4 Be7 12. Rc1 h6 13. Bxf6 Bxf6 14. Nc5 Qb6 15.
Qd2 Be7 16. Nd3 Be6 17. Nfe5 Nxe5 18. Nxe5 Rac8 19. a3 Bg5 20. f4 Bf6 21. Nd3
Rfe8 22. Rxc8 Bxc8 23. Rc1 Bg4 24. Bf1 h5 25. Nf2 d3 26. exd3 Qxb2 27. Qxb2 Bxb2
28. Rb1 Bd4 29. Kg2 Bd7 30. Ne4 Rc8 31. Be2 Rc2 32. Kf1 Bc6 33. f5 Ra2 34. Rb4
Bb6 35. Bxh5 Rxa3 36. Ng5 f6 37. Ne6 Rxd3 38. Be2 Rd7 39. Bc4 Bd5 40. Nf4 Bxc4+
41. Rxc4 Rc7 42. Re4 a5 43. Re8+ Kf7 44. Rb8 Rd7 45. Ra8 Ke7 46. h4 Bd8 47. Ne6
b6 48. Nxg7 b5 49. h5 Rd1+ 50. Kg2 Rd2+ 51. Kh3 Rd1 52. Ra7+ Kd6 53. Kg2 Rd2+
54. Kh3 Rd1 55. Kg2 Rd2+ 56. Kh3 Rd1 57. Kg2 Rd2+ 58. Kh3 Rd1 59. Kg2 1/2-1/2

[Event "World Rapid Women 2017"]
[Site "Riyadh KSA"]
[Date "2017.12.28"]
[Round "12.10"]
[White "Nechaeva, Marina"]
[Black "Pham, Le Thao Nguyen"]
[Result "1/2-1/2"]
[WhiteTitle "IM"]
[BlackTitle "IM"]
[WhiteElo "2424"]
[BlackElo "2354"]
[WhiteFideId "4149351"]
[BlackFideId "12401226"]
[EventDate "2017.12.26"]

1. d4 Nf6 2. c4 e6 3. Nc3 Bb4 4. Nf3 b6 5. e3 O-O 6. Bd3 d5 7. cxd5 exd5 8. O-O
Bb7 9. a3 Bd6 10. b4 a6 11. Qb3 Re8 12. a4 c6 13. a5 b5 14. Ba3 Nbd7 15. Rae1
Ne4 16. Qc2 Ndf6 17. h3 Rc8 18. Nd2 Qe7 19. Rb1 Rc7 20. Rfe1 Bc8 21. Nf1 Nh5 22.
f3 Nxc3 23. Qxc3 Qg5 24. f4 Qd8 25. Qc2 g6 26. Re2 Qh4 27. Qd2 Rce7 28. Qe1 Qf6
29. Qf2 Ng7 30. Bc1 Bf5 31. Bxf5 Nxf5 32. Rc2 Bb8 33. Bd2 Re6 34. Rbc1 Rc8 35.
Ng3 Ne7 36. Kh1 h5 37. Ne2 Kg7 38. Ng1 Nf5 39. Nf3 h4 40. Kh2 Qe7 41. Ne5 Qe8
42. Qf3 f6 43. Ng4 Qd7 44. Kg1 Rce8 45. Kh2 Rd6 46. Kg1 Rde6 47. Kh2 Rc8 48. Kg1
Bd6 49. Kh2 Qe8 50. Kg1 Re7 51. Qf2 Rec7 52. Qf1 Ng3 53. Qe1 Re7 54. Qf2 Rec7
55. Qf3 Qe6 56. Be1 Nf5 57. Bd2 Qe7 58. Rb1 Re8 59. Rb3 Qf8 60. Rb1 Re6 61. Rb3
Qe8 62. Rb1 Re4 63. Nf2 Re6 64. Ng4 Qe7 65. Rb3 Re4 66. Nf2 Re6 67. Ng4 Qe8 68.
Rb1 Rce7 69. Rbc1 Bb8 70. Qf1 Ng3 71. Qf3 Nf5 72. Qf1 Ba7 73. Kh2 Qd7 74. Qf2
Bb8 75. Kg1 Re8 76. Qf3 Rc8 77. Qf2 Qe8 78. Qf3 Ba7 79. Kh2 Rd8 80. Qf1 Qd7 81.
Qf3 Rde8 82. Qf1 R8e7 83. Qf3 Qe8 84. Qf1 1/2-1/2

[Event "World Rapid Women 2017"]
[Site "Riyadh KSA"]
[Date "2017.12.28"]
[Round "12.11"]
[White "Karavade, Eesha"]
[Black "Ushenina, Anna"]
[Result "1/2-1/2"]
[WhiteTitle "IM"]
[BlackTitle "GM"]
[WhiteElo "2384"]
[BlackElo "2416"]
[WhiteFideId "5012600"]
[BlackFideId "14110911"]
[EventDate "2017.12.26"]

1. Nf3 d5 2. g3 g6 3. Bg2 Bg7 4. d4 c6 5. O-O Nf6 6. Nbd2 O-O 7. c4 dxc4 8. Nxc4
Be6 9. b3 Bd5 10. Bb2 a5 11. Rc1 Nbd7 12. Re1 Nb6 13. Nxb6 Qxb6 14. Ba3 Rfe8 15.
Qd3 Be4 16. Qc4 Bd5 17. Qd3 Be4 18. Qc4 Bd5 19. Qd3 Be4 20. Ra1 1/2-1/2

[Event "World Rapid Women 2017"]
[Site "Riyadh KSA"]
[Date "2017.12.28"]
[Round "12.12"]
[White "Bodnaruk, Anastasia"]
[Black "Charochkina, Daria"]
[Result "1/2-1/2"]
[WhiteTitle "IM"]
[BlackTitle "IM"]
[WhiteElo "2428"]
[BlackElo "2317"]
[WhiteFideId "4181751"]
[BlackFideId "4180917"]
[EventDate "2017.12.26"]

1. e4 c6 2. d4 d5 3. e5 Bf5 4. Nf3 e6 5. Be2 Nd7 6. O-O Bb4 7. c3 Ba5 8. Bg5 f6
9. exf6 Ngxf6 10. Nbd2 O-O 11. Nh4 h6 12. Nxf5 exf5 13. Bf4 Bc7 14. Bxc7 Qxc7
15. Bd3 Ne4 16. f3 Ng5 17. Qc2 f4 18. Bg6 Qd6 19. Rfe1 Rf6 20. Bd3 Re6 21. Bf5
Re7 22. Nf1 Rae8 23. Qd2 Rf8 24. Rxe7 Qxe7 25. Bc2 Qd6 26. Re1 Nf6 27. Qd3 Re8
28. Rxe8+ Nxe8 29. Nd2 Nf6 30. Qe2 Kf7 31. Nb3 Qe6 32. Kf1 Qxe2+ 33. Kxe2 b6 34.
Nc1 Ne6 35. Nd3 c5 36. Ne5+ Ke8 37. Ba4+ Ke7 38. Nc6+ Kd6 39. Nxa7 cxd4 40. Nb5+
Kc5 41. Kd3 dxc3 42. Kxc3 d4+ 43. Kd3 Kb4 44. b3 Nc5+ 45. Kxd4 Nxa4 46. bxa4
Kxa4 47. Nc7 Ka3 48. Ke5 Kxa2 49. Kxf4 Kb3 50. Kf5 Kc4 51. Kg6 Nd5 52. Na6 b5
53. Kxg7 Nc7 54. Nb8 Kd5 55. Nd7 b4 56. Nb6+ Kd4 57. Kxh6 Ne6 58. Na4 Nc5 59.
Nb2 Kc3 60. Nd1+ Kd2 61. Nb2 Kc3 62. Nd1+ Kd2 63. Nb2 Kc3 1/2-1/2

[Event "World Rapid Women 2017"]
[Site "Riyadh KSA"]
[Date "2017.12.28"]
[Round "12.13"]
[White "Mamedjarova, Turkan"]
[Black "Guo, Qi"]
[Result "1-0"]
[WhiteTitle "WGM"]
[BlackTitle "IM"]
[WhiteElo "2260"]
[BlackElo "2396"]
[WhiteFideId "13402005"]
[BlackFideId "8604002"]
[EventDate "2017.12.26"]

1. d4 Nf6 2. Nf3 e6 3. c4 b6 4. a3 Bb7 5. Nc3 d5 6. cxd5 exd5 7. Bf4 Bd6 8. Bxd6
Qxd6 9. e3 O-O 10. Bd3 c5 11. O-O Nc6 12. Rc1 c4 13. Bb1 a6 14. Nd2 Rfe8 15. Re1
b5 16. Nf3 Rad8 17. h3 g6 18. Nh2 Kg7 19. f4 Re7 20. Nf3 Na5 21. Rc2 Rde8 22.
Ne5 Ng8 23. f5 f6 24. fxg6 fxe5 25. gxh7 Nf6 26. dxe5 Qxe5 27. Rf2 Bc8 28. Ref1
Qxe3 29. Nxd5 Nxd5 30. Qxd5 Bb7 31. Qf5 Be4 32. Bxe4 Rxe4 33. Kh1 R4e7 34. Rf4
Qe5 35. h8=Q+ Kxh8 36. Qg6 Qg7 37. Rh4+ Kg8 38. Qf5 Qe5 39. Qg6+ Rg7 40. Qh6 Rg5
41. Qh7# 1-0

[Event "World Rapid Women 2017"]
[Site "Riyadh KSA"]
[Date "2017.12.28"]
[Round "12.15"]
[White "Girya, Olga"]
[Black "Assaubayeva, Bibisara"]
[Result "1/2-1/2"]
[WhiteTitle "WGM"]
[BlackTitle "FM"]
[WhiteElo "2484"]
[BlackElo "2381"]
[WhiteFideId "4195752"]
[BlackFideId "13708694"]
[EventDate "2017.12.26"]

1. d4 Nf6 2. c4 g6 3. Nc3 Bg7 4. e4 d6 5. Be2 O-O 6. Be3 c5 7. d5 b5 8. cxb5 a6
9. bxa6 Bxa6 10. Nf3 Nbd7 11. h3 Nb6 12. Nd2 Bxe2 13. Qxe2 Na4 14. Nxa4 Rxa4 15.
b3 Rxe4 16. Nxe4 Nxe4 17. O-O Qa8 18. Rac1 Qxd5 19. Rfd1 Qa8 20. Qd3 f5 21. Rc2
Rb8 22. Qc4+ Kh8 23. f3 Nf6 24. Qe6 Rb7 25. Bg5 Qg8 26. Qe1 Nd5 27. Bh4 Bd4+ 28.
Bf2 e5 29. Rc4 Qa8 30. Bxd4 cxd4 31. Rd2 Qa5 32. Qc1 Nc3 33. Rc2 d5 34. R4xc3
dxc3 35. Rxc3 Qxa2 36. Rc8+ Kg7 37. Rc7+ Rxc7 38. Qxc7+ Kf6 39. Qd6+ Kg5 40.
Qxd5 Kf4 41. Kh2 e4 42. Qd6+ Ke3 43. Qc5+ Ke2 44. Qc4+ Ke3 45. Qc3+ Ke2 46. Qc4+
Ke3 47. Qc3+ Ke2 1/2-1/2

[Event "World Rapid Women 2017"]
[Site "Riyadh KSA"]
[Date "2017.12.28"]
[Round "12.16"]
[White "Zimina, Olga"]
[Black "Hoang, Thi Bao Tram"]
[Result "1-0"]
[WhiteTitle "IM"]
[BlackTitle "WGM"]
[WhiteElo "2415"]
[BlackElo "2410"]
[WhiteFideId "4132190"]
[BlackFideId "12401102"]
[EventDate "2017.12.26"]

1. Nf3 d5 2. c4 c6 3. g3 Nf6 4. Bg2 g6 5. b3 Bg7 6. Bb2 O-O 7. O-O Bf5 8. d3 a5
9. Nbd2 Na6 10. a3 Re8 11. Bc3 h6 12. Qc2 g5 13. Qb2 Nc5 14. Rfc1 Bh7 15. Bd4
Ne6 16. Be5 Qd7 17. b4 Red8 18. Nb3 a4 19. Nc5 Nxc5 20. bxc5 Bf8 21. Rab1 Ra7
22. Qb6 Rda8 23. Bb8 Ra5 24. cxd5 Nxd5 25. Qxb7 Qxb7 26. Rxb7 e6 27. Bd6 Bg7 28.
Ne5 Rc8 29. Nxf7 Nc3 30. Kf1 Nb5 31. Be5 Bxe5 32. Nxe5 Nxa3 33. Nxc6 1-0